Mangas prépubliés dans le Weekly Shōnen Jump en 2026 - Statistiques

Statistiques générales
  • Ce quiz a été pris 14 fois
  • Le résultat moyen est 4 sur 22
Statistiques - réponses
Auteur(s) Début dans le Jump Nom du manga % Correct
Eiichirō Oda 22 juillet 1997 One Piece
93%
Yoshihiro Togashi 16 mars 1998 Hunter x Hunter
79%
Yūto Suzuki 21 novembre 2020 Sakamoto Days
36%
Gege Akutami & Yūji Iwasaki 8 septembre 2025 Jujutsu Kaisen Modulo
29%
Takeru Hokazono 19 septembre 2023 Kagurabachi
29%
Miura Kouji 12 avril 2021 Blue Box
14%
Nishi Osamu & Shiro Usazaki 9 septembre 2024 Ichi the Witch
14%
Yūki Suenaga & Takamasa Moue 14 février 2022 Akane-banashi
7%
Genki Ono 8 juillet 2024 Hima-Ten!
7%
Shūhei Miyazaki 6 juillet 2020 Me & Roboco
7%
Kōta Kawae 15 mai 2023 Nue's Exorcist
7%
Masaoki Shindō 13 juin 2022 Ruri Dragon
7%
Ippon Takegushi & Santa Mitarashi 16 septembre 2024 Shinobi Undercover
7%
Ei Yamano 15 septembre 2025 Someone Hertz
7%
Yūsei Matsui 25 janvier 2021 The Elusive Samurai
7%
Kenta Shinohara 25 janvier 2021 Witch Watch
7%
Shuhei Tanizaki 27 octobre 2025 Gonron Egg
0%
Togo Goto & Matsuura Kento 16 juin 2025 Harukaze Mound
0%
Hatsubina Matsuri 10 novembre 2025 Hero Girl and Demon Lord Call It Quits
0%
Yūki Kawaguchi 12 mai 2025 Otr of the Flame
0%
Hideaki Nabe 3 novembre 2025 The Mage Next Door
0%
Shōichi Usui 24 juin 2024 Ultimate Exorcist Kiyoshi
0%
Aucun quiz correspondant
Distribution des résultats
% des personnes avec chaque résultat
Percentile par nombre de réponses
Votre historique - résultats
Vous n’avez pas pris ce quiz